| 000 | 00432nam a22001697a 4500 | ||
|---|---|---|---|
| 003 | MPLRDC | ||
| 005 | 20220104142619.0 | ||
| 008 | 210129b ||||| |||| 00| 0 eng d | ||
| 082 | _a802.47 LGH c.2 | ||
| 100 | _a梁光桦等编著 | ||
| 245 |
_a汉语拼音学习与教学 _c |
||
| 250 | _a初版 | ||
| 260 |
_a _b长青贸易公司 _c1982 |
||
| 300 | _b平 | ||
| 650 | _a中国语言音韵--拼音 | ||
| 942 |
_cBK _o802.47 LGH c.2 |
||
| 999 |
_c32306 _d32296 |
||